| 000 | 00534nam a2200181Ia 4500 | ||
|---|---|---|---|
| 003 | GCL | ||
| 008 | 140319s9999 xx 000 0 ara d | ||
| 040 |
_aGCL / _cGCL |
||
| 082 | 0 | 4 |
_a227.6 _bم ن |
| 100 | 1 | _aمحمد الغزالى | |
| 245 | 1 | 0 |
_aنحو تفسير موضوعى لسور القران الكريم / _cمحمد الغزالى |
| 300 | _a552 ص | ||
| 490 | _a | ||
| 650 | 0 | 4 | _aتفاسير القران |
| 650 | 0 | 4 | _aالقران - تفسير |
| 650 | 0 | 4 | _aالقران - تفاسير حديثة |
| 942 |
_2ddc _cBK |
||
| 999 |
_c44982 _d44982 |
||